Loading...
History - American History | 0 | 3 | 1 | 0 | 25 | 136 | 138.67 | 0 | 0 |
History - European History | 0 | 3 | 1 | 2 | 25 | 84 | 131.67 | 0 | 0 |
History - World History | 0 | 2 | 1 | 0 | 15 | 137 | 145.00 | 0 | 0 |
Fine Arts - Painting & Sculpture | 0 | 2 | 1 | 0 | 15 | 134 | 141.50 | 0 | 0 |
Literature - European Literature | 0 | 1 | 0 | 0 | 10 | 113 | 113.00 | 0 | 0 |
Philosophy | 0 | 1 | 0 | 0 | 10 | 134 | 134.00 | 0 | 0 |
Fine Arts - Other Fine Arts | 0 | 1 | 1 | 0 | 5 | 93 | 93.00 | 0 | 0 |
Geography | 0 | 1 | 1 | 0 | 5 | 119 | 119.00 | 0 | 0 |
Other Academic | 0 | 1 | 1 | 0 | 5 | 146 | 146.00 | 0 | 0 |
Social Science | 0 | 1 | 1 | 0 | 5 | 109 | 109.00 | 0 | 0 |
Science - Other Science | 0 | 0 | 0 | 0 | 0 | 0.00 | 0 | 0 | |
History - Other History | 0 | 1 | 3 | 0 | -5 | 110 | 110.00 | 0 | 0 |
Science - Biology | 0 | 0 | 1 | 0 | -5 | 0.00 | 0 | 0 | |
Literature - British Literature | 0 | 0 | 1 | 0 | -5 | 0.00 | 0 | 0 | |
Literature - American Literature | 0 | 0 | 1 | 0 | -5 | 0.00 | 0 | 0 |